000 01630nam a2200421 c 4500
003 BLK
005 20180420221110.0
008 180408b bul|||||r ||||||| ||bul||
010 _aKNG00042148000
020 _a0-394-35362-5
_bиздат.: Random House
040 _aBLK
041 _aENG
_cENG
080 _aФедерална власт
_b321.011.3
_x(73)
_z321.011.3(73)
080 _aАвтономия и самоуправление на националностите - Централизъм, унитаризъм, децентрализация, федерализъм, сепаратизъм, регионална автономия
_b323.17
_x(73)
_z323.17(73)
100 1 _aAnton, Thomas Julius
_eпърви автор
_9276323
139 _aAnton, Thomas Julius
_bA 62
245 1 0 _aAmerican Federalism and Public Policy
_bHow the System Works
_cThomas Julius Anton.
257 _aUSA
260 New York
_bRandom House
_c1989
300 _aXII, 244 p.
_btabl.
_c23 cm
380 _a3
490 1 _aRandom House Series in Political Science
500 _aAbout the Author. - Index. - Ref. p. 232-234.
504 _a232-234
650 4 _aФедерализъм
_9175200
650 4 _aПолитика - САЩ
_9276324
650 4 _aСАЩ - държавно устройство
_9276325
651 4 _aСАЩ
_9179493
653 _aфедерализъм
653 _aдържавно устройство
653 _aполитика
653 _aСАЩ
852 _aЦб 175839
856 4 _qpdf
_u
856 4 _qpdf
_u
942 _cKNG
_n0
944 _aCR
_c15.01.2003
_lф /
_kЛюдмила_Стоянова
944 _aED
_c18.11.2009
_lф /
_k
999 _c38877
_d38877